Logique et organes des calculatrices numériques : maîtrise d'informatique /
Guardado en:
| Autor Principal: | |
|---|---|
| Formato: | Libro |
| Idioma: | French |
| Publicado: |
Paris :
Dunod,
1970.
|
| Series: | Collection Dunod Université
|
| Etiquetas: |
Agregar Etiqueta
Sin Etiquetas, Sea el primero en etiquetar este registro!
|
| LEADER | 00593nam a22001691a 4500 | ||
|---|---|---|---|
| 001 | MAT.inmabb002330 | ||
| 008 | 811015s1970####fr#a#####b####0#1#0#fre#d | ||
| 005 | 20160426112855.0 | ||
| 245 | 1 | 0 | |a Logique et organes des calculatrices numériques : |b maîtrise d'informatique / |c par Guy G. Boulaye ; préface. de J. Kuntzmann. |
| 260 | |a Paris : |b Dunod, |c 1970. | ||
| 300 | |a xvii, 328 p. : |b il. ; |c 24 cm. | ||
| 490 | 0 | |a Collection Dunod Université | |
| 504 | |a Incluye bibliografías. | ||
| 100 | 1 | |a Boulaye, Guy G. | |
| 084 | |a 68-04 |2 msc2000 | ||
| 010 | |a 74474874 | ||
| 859 | |h 68 |i B736 |p A-8105 |b BIB. MATEMATICA | ||
